000 00326 a2200157 4500
001 160772
020 _a
040 _cMagnum
100 _aTelles, Carlos Queiroz
240 1 0 _aNossos bichos na tv
_lpor
245 1 0 _aNossos bichos na tv
362 0 _a1899
440 1 _aScipione
697 _aIJ/DIDATICO
942 _cBK
999 _c160772
_d160772